|
|
|
|
| LEADER |
00689nam a2200205 a 4500 |
| 001 |
000625209 |
| 003 |
CZ BrMZK |
| 005 |
20150202111858.0 |
| 007 |
ta |
| 008 |
020925s1960 xo f hun d |
| 040 |
|
|
|a BOA001
|b cze
|c BOA001
|
| 100 |
1 |
|
|a Sysel, Miroslav
|7 xx0013565
|4 aut
|
| 245 |
1 |
3 |
|a Az általános jellegü foglalkozások minösitö bértarifa katalógusa /
|c Miroslav Sysel, Jiří Dvořák
|
| 250 |
|
|
|a 1. kiad.
|
| 260 |
|
|
|a Bratislava :
|b Práca,
|c 1960
|
| 300 |
|
|
|a 175 s.
|
| 700 |
1 |
|
|a Dvořák, Jiří,
|d 1933-
|7 jn19981000846
|4 aut
|
| 910 |
|
|
|a BOA001
|b 2-0444.810
|
| 990 |
|
|
|a BK
|
| 996 |
7 |
|
|b 2619090096
|c 2-0444.810
|l MZK
|r Sklad / do 24 hodin
|n 0
|w 000625209
|u 000010
|a 1
|e BOA001
|j MZK50
|s A
|